[Event "5th Asia-ch"]
[Site "Hyderabad IND"]
[Date "2005.10.15"]
[Round "9"]
[White "Suvrajit, Saha"]
[Black "Sivanandan, B. S."]
[Result "1/2-1/2"]
[WhiteElo "2378"]
[BlackElo "2467"]
[EventDate "2005.10.05"]
[PlyCount "127"]

1.d4 Nf6 2.c4 g6 3.Nf3 Bg7 4.g3 O-O 5.Bg2 d5 6.cxd5 Nxd5 7.O-O Nb6 8.Nc3 
Nc6 9.e3 Re8 10.d5 Na5 11.Nd4 e5 12.Nb3 Nac4 13.a4 a5 14.Qe2 Qe7 15.Rd1 
Bd7 16.Nd2 Nd6 17.e4 f5 18.b3 f4 19.Ba3 Qf7 20.Bxd6 cxd6 21.Nb5 Bf8 22.Nc7
fxg3 23.hxg3 Bg4 24.Qxg4 Qxc7 25.Rac1 Qf7 26.Bh3 Bh6 27.Qe6 Qxe6 28.Bxe6+ 
Kf8 29.Nc4 Bxc1 30.Nxb6 Ba3 31.Nxa8 Rxa8 32.Rd3 Ke7 33.Rf3 Rf8 34.Rxf8 
Kxf8 35.Kg2 Bc1 36.Bc8 b6 37.Kf3 Ke7 38.Be6 Kf6 39.Kg2 Kg5 40.Kf3 h6 41.
Bd7 h5 42.Be6 Kh6 43.Bd7 g5 44.g4 h4 45.Kg2 Bf4 46.Bb5 Kg6 47.Kh3 Kf7 48.
Kg2 Ke7 49.Kh3 Kd8 50.Kg2 Ke7 51.Kh3 Bd2 52.Kg2 Bc3 53.Kh3 Bd4 54.Kg2 Bc5 
55.f3 Be3 56.Kh3 Bf4 57.Kg2 Bg3 58.Kh3 Be1 59.Kg2 Bc3 60.Kh3 Ba1 61.Kg2 
Kd8 62.Kh3 Kc8 63.Kh2 Kb7 64.Kg2 1/2-1/2

[Event "5th Asia-ch"]
[Site "Hyderabad IND"]
[Date "2005.10.15"]
[Round "9"]
[White "Satyapragyan, Swayangsu"]
[Black "Lim Yee Weng"]
[Result "1-0"]
[WhiteElo "2411"]
[BlackElo "2348"]
[EventDate "2005.10.05"]
[PlyCount "75"]

1.e4 d5 2.exd5 Qxd5 3.Nc3 Qa5 4.Bc4 Nf6 5.d3 c6 6.Ne2 g6 7.Bf4 Nbd7 8.Qd2 
Nb6 9.Bb3 Nbd5 10.Be5 Bg7 11.O-O-O O-O 12.Kb1 Nxc3+ 13.Bxc3 Qc7 14.h4 a5 
15.a3 b5 16.h5 b4 17.Bxf6 exf6 18.hxg6 hxg6 19.a4 Be6 20.Bxe6 fxe6 21.Nf4 
Qf7 22.Qe3 f5 23.d4 Rfe8 24.Qg3 e5 25.dxe5 Rxe5 26.Nxg6 Re4 27.Nf4 b3 28.
cxb3 Qf6 29.Rd2 Qe5 30.Rh8+ Kxh8 31.Ng6+ Kh7 32.Nxe5 Bxe5 33.Rd7+ Kh6 34.
Qh3+ Kg5 35.Rf7 Bf6 36.Qg3+ Rg4 37.Qe3+ f4 38.Qe6 1-0

[Event "5th Asia-ch"]
[Site "Hyderabad IND"]
[Date "2005.10.15"]
[Round "9"]
[White "Das, Arghyadip"]
[Black "Sharbaf, Mohsen"]
[Result "1-0"]
[WhiteElo "2411"]
[BlackElo "2387"]
[EventDate "2005.10.05"]
[PlyCount "45"]

1.e4 c5 2.b3 Nc6 3.Bb2 e5 4.Bc4 Qg5 5.Nf3 Qg6 6.Nc3 d6 7.Qe2 Be7 8.Nd5 Bd8
9.Rg1 Nf6 10.Nh4 Qh6 11.Nf5 Bxf5 12.exf5 a6 13.O-O-O Nd7 14.f4 b5 15.Bd3 
O-O 16.g4 exf4 17.f6 g6 18.g5 f3 19.Qf2 c4 20.Bf5 Qh5 21.Bxd7 Ne5 22.Bxe5 
dxe5 23.h4 1-0

[Event "5th Asia-ch"]
[Site "Hyderabad IND"]
[Date "2005.10.15"]
[Round "9"]
[White "Babu, N. Sudhakar"]
[Black "Laxman, Rajaram"]
[Result "0-1"]
[WhiteElo "2298"]
[BlackElo "2404"]
[EventDate "2005.10.05"]
[PlyCount "80"]

1.d4 Nf6 2.c4 e6 3.Nc3 Bb4 4.Qc2 O-O 5.a3 Bxc3+ 6.Qxc3 b6 7.Bg5 Ba6 8.Nf3 
d6 9.e3 Nbd7 10.Bd3 c5 11.O-O Rc8 12.d5 exd5 13.cxd5 Bxd3 14.Qxd3 Qe7 15.
Nd2 h6 16.Bh4 Rfe8 17.h3 Ne5 18.Qf5 Qd7 19.Qxd7 Nfxd7 20.f4 Ng6 21.Bf2 Nf6
22.Rfd1 Ne4 23.Nc4 h5 24.g4 hxg4 25.hxg4 f5 26.gxf5 Ne7 27.a4 Nxf5 28.Kg2 
Rc7 29.Kf3 Rb7 30.Ra3 a6 31.Nd2 Nxf2 32.Kxf2 b5 33.axb5 axb5 34.e4 Nd4 35.
Ra6 Rf7 36.Rxd6 Rxf4+ 37.Ke3 Rh4 38.Rd7 Rh3+ 39.Kf4 Rd3 40.Rg1 Ne2+ 0-1

[Event "5th Asia-ch"]
[Site "Hyderabad IND"]
[Date "2005.10.15"]
[Round "9"]
[White "Rohit, Goginenni"]
[Black "Yogesh, Gore"]
[Result "1-0"]
[WhiteElo "2401"]
[BlackElo "2316"]
[EventDate "2005.10.05"]
[PlyCount "97"]

1.e4 c5 2.Nf3 a6 3.c4 Nc6 4.d4 cxd4 5.Nxd4 d6 6.Nc3 g6 7.Be2 Bg7 8.Be3 Nf6
9.Qd2 Ng4 10.Bxg4 Bxg4 11.f3 Bd7 12.O-O Ne5 13.b3 h5 14.h3 Rc8 15.Rad1 Qa5
16.Nd5 Qxd2 17.Rxd2 Bc6 18.Nb6 Rc7 19.Re1 O-O 20.Bg5 Nd7 21.Nd5 Bxd5 22.
exd5 Bxd4+ 23.Rxd4 f6 24.Bd2 Kf7 25.Rde4 Ne5 26.Ba5 Rd7 27.Bb6 g5 28.h4 g4
29.f4 Ng6 30.g3 Rc8 31.R1e2 Kf8 32.Kf2 Nh8 33.Ke3 Nf7 34.Re6 Nd8 35.Re4 
Nf7 36.Re6 Nd8 37.Kd4 Nxe6+ 38.dxe6 Rdc7 39.Bxc7 Rxc7 40.b4 f5 41.c5 b6 
42.Rc2 bxc5+ 43.bxc5 Rc8 44.c6 Rc7 45.Kd5 Ke8 46.Rb2 Rc8 47.Rb6 a5 48.a4 
Ra8 49.Rb7 1-0

[Event "5th Asia-ch"]
[Site "Hyderabad IND"]
[Date "2005.10.15"]
[Round "9"]
[White "Sengupta, Deep"]
[Black "Pg Mohd Omar, Ak Hirawan"]
[Result "0-1"]
[WhiteElo "2400"]
[BlackElo "2299"]
[EventDate "2005.10.05"]
[PlyCount "99"]

1.Nf3 Nf6 2.g3 g6 3.Bg2 Bg7 4.O-O O-O 5.c4 c5 6.Nc3 Nc6 7.d4 cxd4 8.Nxd4 
Nxd4 9.Qxd4 d6 10.Qh4 Rb8 11.Bh6 Be6 12.Bxg7 Kxg7 13.Rac1 Qa5 14.b3 Qe5 
15.Qf4 Qxf4 16.gxf4 Rfc8 17.Rfd1 Rc5 18.Na4 Rc7 19.Nb2 Rbc8 20.Nd3 Bf5 21.
a4 d5 22.cxd5 Rc3 23.Rxc3 Rxc3 24.Nc1 Bc2 25.Rd4 Bb1 26.Rc4 Rxc4 27.bxc4 
b6 28.Kf1 Bc2 29.a5 bxa5 30.Ke1 Bf5 31.Kd2 Ng4 32.e4 Bc8 33.f3 Nxh2 34.Ke1
h5 35.Kf2 h4 36.c5 Kf8 37.Kg1 h3 38.Bh1 Ba6 39.Kxh2 a4 40.c6 Ke8 41.Na2 
Bc4 42.Nc1 a3 43.Kxh3 a2 44.Nxa2 Bxa2 45.Bg2 Bc4 46.Kg4 a5 47.e5 Bxd5 48.
Bf1 Bxc6 49.Bc4 Bd7+ 50.Kg3 0-1

[Event "5th Asia-ch"]
[Site "Hyderabad IND"]
[Date "2005.10.15"]
[Round "9"]
[White "Singh, Rishipal"]
[Black "Harika, Dronavalli"]
[Result "1/2-1/2"]
[WhiteElo "2299"]
[BlackElo "2392"]
[EventDate "2005.10.05"]
[PlyCount "44"]

1.c4 c5 2.Nc3 g6 3.g3 Bg7 4.Bg2 Nc6 5.d3 d6 6.e4 e5 7.Nge2 Nge7 8.O-O O-O 
9.Rb1 Rb8 10.a3 a5 11.Bg5 Be6 12.Qd2 Qd7 13.a4 Nb4 14.b3 Nec6 15.Rbd1 b6 
16.Nb5 f5 17.f3 Rf7 18.Nec3 Re8 19.Be3 Nd4 20.Bxd4 exd4 21.Nd5 Bxd5 22.
cxd5 f4 1/2-1/2

[Event "5th Asia-ch"]
[Site "Hyderabad IND"]
[Date "2005.10.15"]
[Round "9"]
[White "Gopal, Geetha Narayanan"]
[Black "Mahjoob, Morteza"]
[Result "1/2-1/2"]
[WhiteElo "2327"]
[BlackElo "2418"]
[EventDate "2005.10.05"]
[PlyCount "151"]

1.e4 c6 2.d4 d5 3.e5 c5 4.dxc5 Nc6 5.Bb5 e6 6.Be3 Ne7 7.c3 Bd7 8.Bxc6 Bxc6
9.Nf3 Nf5 10.Bd4 Nxd4 11.cxd4 b6 12.cxb6 Qxb6 13.Qc2 Be7 14.O-O O-O 15.Nc3
Rfc8 16.Rfd1 Be8 17.Qd2 Rab8 18.Rab1 Rc4 19.Qe3 Rbc8 20.h3 Bb4 21.Ne2 Rc2 
22.Nf4 Be7 23.Rdc1 Qa6 24.a3 Bb5 25.Rxc2 Rxc2 26.Ne1 Rc4 27.Nh5 Qb6 28.Qg3
Bf8 29.Nf3 h6 30.Rd1 Qc7 31.Qf4 Rc2 32.Rd2 Rc1+ 33.Kh2 Rb1 34.Qg4 Kh8 35.
a4 Be8 36.Qh4 f5 37.Nf4 Qd7 38.Rc2 Kg8 39.Qg3 Ra1 40.Ng6 Bxg6 41.Qxg6 Rxa4
42.Qg3 Rc4 43.Rd2 g5 44.Rd3 Rc2 45.Rb3 Be7 46.Nh4 Kf7 47.Qd3 Rc4 48.Nf3 
Kg7 49.Nd2 Rb4 50.Qc3 a5 51.Ra3 Rb5 52.Ra1 Qb7 53.b3 Bb4 54.Qc2 Rb6 55.Rc1
Kg6 56.Nb1 Be7 57.Nd2 Ba3 58.Ra1 Rc6 59.Qd3 Bb4 60.Nf3 Rc3 61.Qd1 Qc8 62.
Ng1 Rc2 63.Ne2 Rd2 64.Qf1 Qc2 65.Re1 Qxb3 66.Nf4+ gxf4 67.Qa6 Rxf2 68.
Qxe6+ Kg7 69.Qf6+ Kg8 70.Qe6+ Kf8 71.Qc8+ Ke7 72.Qb7+ Kf8 73.Qc8+ Kg7 74.
Qd7+ Kg8 75.Qe6+ Kf8 76.Qc8+ 1/2-1/2

[Event "5th Asia-ch"]
[Site "Hyderabad IND"]
[Date "2005.10.15"]
[Round "9"]
[White "Girinath, P. D. S."]
[Black "Visweswaran, Kameswaran"]
[Result "1-0"]
[WhiteElo "2392"]
[BlackElo "2289"]
[EventDate "2005.10.05"]
[PlyCount "103"]

1.e4 c5 2.Nf3 d6 3.c3 Nf6 4.Bd3 Bg4 5.Bc2 Nc6 6.d3 Bxf3 7.Qxf3 g6 8.O-O 
Bg7 9.Nd2 O-O 10.Qd1 b5 11.Nf3 Nd7 12.d4 b4 13.Ba4 Rc8 14.Bxc6 Rxc6 15.d5 
Rc8 16.c4 Qa5 17.Qb3 Nb6 18.Bf4 Qa6 19.Rfc1 Qb7 20.Rc2 a5 21.Re1 Qd7 22.
Qd3 f6 23.Rce2 a4 24.Nd2 Rcd8 25.b3 axb3 26.axb3 Ra8 27.Bg3 Rfd8 28.f4 e5 
29.dxe6 Qxe6 30.f5 Qf7 31.Rf1 g5 32.Rd1 Bf8 33.Nf1 Ra3 34.Qc2 h5 35.Red2 
Qc7 36.Ne3 h4 37.Bf2 Nd7 38.Ng4 Re8 39.h3 Kf7 40.Kh1 Qc6 41.Rd5 Nb6 42.Qb2
Nd7 43.Bxc5 Rxe4 44.Bxb4 Ra6 45.Bc3 Be7 46.Qc2 Rf4 47.Qe2 Ne5 48.Nxe5+ 
fxe5 49.Qh5+ Kf8 50.Qh8+ Kf7 51.Qh7+ Kf8 52.Bxe5 1-0

[Event "5th Asia-ch"]
[Site "Hyderabad IND"]
[Date "2005.10.15"]
[Round "9"]
[White "Sai Srinivas, Dasari"]
[Black "Lukey, Stephen"]
[Result "1-0"]
[WhiteElo "2304"]
[BlackElo "2286"]
[EventDate "2005.10.05"]
[PlyCount "91"]

1.e4 c5 2.Nf3 Nc6 3.d4 cxd4 4.Nxd4 Nf6 5.Nc3 e5 6.Ndb5 d6 7.Nd5 Nxd5 8.
exd5 Nb8 9.c4 a6 10.Nc3 Be7 11.Be2 O-O 12.O-O f5 13.f4 Nd7 14.Kh1 Bf6 15.
Qc2 exf4 16.Bxf4 Ne5 17.Be3 Qe7 18.Bd4 Ng6 19.Bxf6 Rxf6 20.Qd2 Bd7 21.Rad1
Rc8 22.b4 Ne5 23.c5 Rh6 24.c6 bxc6 25.Bxa6 Ng4 26.h3 Qe5 27.Qf4 Qxc3 28.
Bxc8 Bxc8 29.Rc1 Qd3 30.dxc6 Ne5 31.c7 Rf6 32.Rfd1 Qb5 33.a4 Qxa4 34.Ra1 
Qc6 35.Rdc1 Qb7 36.Qd4 f4 37.Ra7 Qb5 38.Rca1 Qd7 39.Qd5+ Kh8 40.b5 f3 41.
b6 f2 42.Rf1 Rf8 43.b7 Qxc7 44.b8=Q Qc3 45.Qbxd6 Re8 46.Q6xe5 1-0

[Event "5th Asia-ch"]
[Site "Hyderabad IND"]
[Date "2005.10.15"]
[Round "9"]
[White "Saravanan, Venkat"]
[Black "Ramakrishna, J."]
[Result "1/2-1/2"]
[WhiteElo "2347"]
[BlackElo "2294"]
[EventDate "2005.10.05"]
[PlyCount "41"]

1.e4 c5 2.Nf3 d6 3.d4 cxd4 4.Nxd4 Nf6 5.Nc3 Nc6 6.f3 Qb6 7.Nb3 e6 8.Bd3 a6
9.Qe2 Be7 10.Be3 Qc7 11.O-O b5 12.f4 Bb7 13.a4 b4 14.Nd1 Na5 15.Nxa5 Qxa5 
16.Bd4 O-O 17.Kh1 e5 18.fxe5 dxe5 19.Bf2 Qc7 20.Bh4 Ne8 21.Bg3 1/2-1/2